000 00715 aa a2200205 4500
008 081020t xxu||||| |||| 00| 0 eng d
010 _aENG-84098
020 _a8176298735
020 _c450.00 (hb)
035 _aEN-67631
082 _a347.075
100 _aBhatia, K L
245 _aTrial courts management /
_cby K L Bhatia
260 _aNew Delhi
_bDeep and Deep Publications
260 _c2006
300 _axxxii,198p
_c22cm
500 _aIncludes bibliographical references and index
942 _2ddc
_cEN
_h347.075
_m BHA
999 _c17065
_d17065